[Event "HUN-chT U18"]
[Site "Budapest"]
[Date "2022.11.02"]
[Round "5.3"]
[White "Haaz, Gabor Istvan"]
[Black "Horvath, David Richard"]
[Result "0-1"]
[WhiteElo "1385"]
[BlackElo "1174"]
[PlyCount "84"]
[EventDate "2022.10.31"]
[EventType "team-swiss"]
[EventRounds "7"]
[EventCountry "HUN"]
[SourceTitle "CBM 211 Extra"]
[Source "ChessBase"]
[SourceDate "2023.01.31"]
[SourceVersion "1"]
[SourceVersionDate "2023.01.31"]
[SourceQuality "1"]
[WhiteTeam "Godollo"]
[BlackTeam "Barcza GSC II"]
[WhiteTeamCountry "HUN"]
[BlackTeamCountry "HUN"]

1. e4 c6 2. d4 d5 3. exd5 cxd5 4. Bd3 g6 5. c3 Bg7 6. Bf4 f6 7. Bxb8 Rxb8 8. Qa4+ Bd7 9. Qxa7 e5 10. Qa3 Ne7 11. Nd2 0-0 12. Qb3 b5 13. a3 Kh8 14. f3 exd4 15. cxd4 f5 16. Ne2 Qb6 17. Rc1 Bxd4 18. Nxd4 Qxd4 19. Qc3 Qxc3 20. Rxc3 Rfc8 21. Rxc8+ Nxc8 22. 0-0 b4 23. axb4 Rxb4 24. b3 Rd4 25. Bxf5 Bxf5 26. Nb1 Rd3 27. Rc1 Rxb3 28. Nd2 Rb2 29. Nf1 Rb1 30. Rxb1 Bxb1 31. Nd2 Ba2 32. Kf2 Kg7 33. Ke3 Kf6 34. g4 Nd6 35. Nf1 Ke5 36. f4+ Kf6 37. Ng3 Bb1 38. h4 h5 39. gxh5 Nf5+ 40. Nxf5 gxf5 41. Kd4 Be4 42. Kc5 Kg7 0-1